| 000 | 00945nam a22002417a 4500 | ||
|---|---|---|---|
| 999 |
_c63722 _d63722 |
||
| 005 | 20240530110655.0 | ||
| 008 | 171219s2015 ua ak g b 000 0 ara d | ||
| 017 |
_a2014/14490 _bمصر. دار الكتب |
||
| 020 | _a9789770527750 | ||
| 040 |
_aEG-CaGPL _cEG-CaGPL |
||
| 082 | 0 | 4 |
_221 _a379.15 / _bهـ م |
| 100 | 0 | _aهناء شحات السيد حجازى | |
| 245 | 1 | 0 |
_aمؤشرات الاداء المؤسسى واصلاح التعليم / _cهناء شحات السيد حجازى |
| 260 |
_aالقاهرة : _bمكتبة الانجلو المصرية ، _c2015. |
||
| 300 |
_a524 ص. : _bايض ؛ _c24 سم + _eملاحق. |
||
| 504 | _aيشتمل على ارجاعات ببليوجرافية | ||
| 650 | 0 | 7 |
_2qrmak _aالتوجية التربوى |
| 650 | 0 | 7 |
_2qrmak _aالاصلاح التعليمى |
| 650 | 0 | 7 |
_2qrmak _aالتعليم |
| 651 | _2qrmak | ||
| 942 |
_2ddc _cBK |
||